| 000 | 00462nam a2200157 a 4500 | ||
|---|---|---|---|
| 001 | 000028899 | ||
| 005 | 20200930055215.0 | ||
| 008 | 110412s1976 dr c 000 | spa d | ||
| 040 |
_aDO-SdBNP _bspa _cBNPHU |
||
| 082 |
_axxx _bV297V |
||
| 100 | 1 |
_aVargas de Toyos, Altagracia de _954440 |
|
| 245 | 1 | 0 | _aOpusculo in memoriam de Candelaria de Vargas. |
| 260 |
_aSanto Domingo : _bImpresora Carolina, _c1976. |
||
| 300 |
_a16 p. : _bretrs. ; _c19 cm. |
||
| 049 | _aBNPD | ||
| 999 |
_c28391 _d28391 |
||